Normal view
MARC view
- Carter,Ronald.
Entry Personal Name
001 - CONTROL NUMBER
- control field: 7389
003 - CONTROL NUMBER IDENTIFIER
- control field: NUST
005 - DATE AND TIME OF LATEST TRANSACTION
- control field: 20171218095634.0
008 - FIXED-LENGTH DATA ELEMENTS
- fixed length control field: 171218|| aca||aabn | a|a d
040 ## - CATALOGING SOURCE
- Original cataloging agency: NUST
- Transcribing agency: NUST
100 ## - HEADING--PERSONAL NAME
- Personal name: Carter,Ronald.
670 ## - SOURCE DATA FOUND
- Source citation: Work cat.: (NUST)0: Carter,Ronald., The web of words :, 2007.
